El turno del escriba (Registro nro. 4867)
[ vista simple ]
| 000 -CABECERA | |
|---|---|
| Longitud fija campo de control | 00639nam a2200193 a 4500 |
| 003 - • IDENTIFICADOR DELl NÚMERO DE CONTROL | |
| Identificador del número de control | CO-ViMGA |
| 008 - • CÓDIGOS DE INFORMACIÓN DE LONGITUD FIJA | |
| Códigos de información de longitud fija | 141112s2004 ck r 000 u spa d |
| 020 ## - • NÚMERO INTERNACIONAL NORMALIZADO PARA LIBROS | |
| Número Internacional Normalizado para Libros (ISBN) | 958043065 |
| 040 ## - FUENTE DE LA CATALOGACIÓN | |
| Centro catalogador de origen | CO-ViMGA |
| Lengua de catalogación | spa |
| Centro transcriptor | CO-ViMGA |
| 082 04 - • NÚMERO DE LA CLASIFICACIÓN DECIMAL DEWEY | |
| Número de clasificación (R) | A863 M657 |
| 100 1# - • PUNTO DE ACCESO PRINCIPAL-NOMBRE DE PERSONA | |
| Nombre de persona | Montes, Graciela; Wolf, Ema |
| 245 10 - • TITULO PROPIAMENTE DICHO | |
| Título | El turno del escriba |
| 300 ## - • DESCRIPCIÓN FÍSICA | |
| Extensión | 258 |
| 590 ## - NOTAS LOCALES | |
| Nota local | Forma de adquisición : Compra fact. 0859 - - Precio : 39000 - - Proveedor : Temas y libros - - Fecha de adquisición : Mayo 2007 - - Fecha de descarte : 958 - 04 - 306 - 5 |
| 650 14 - • PUNTO DE ACCESO ADICIONAL DE MATERIA - TÉRMINO DE MATERIA | |
| Término de materia o nombre geográfico como elemento inicial | NOVELA ARGENTINA |
| 942 ## - ENTRADA DE ELEMENTOS AGREGADOS (KOHA) | |
| Fuente de clasificaión o esquema | Dewey Decimal Classification |
| Koha [por defecto] tipo de item | LIbro |
| Perdido | Fuente de clasificación o esquema | Estado Físico | No para préstamo | Localización permanente | Localización actual | Localización en estanterías | Fecha adquisición | Préstamos totales | Signatura completa | Código de barras | Fecha última consulta | Número de copia | Fecha del precio de reemplazo | Tipo de item de Koha | Forma de adquisición | Serie de enumeración / cronolog&íacute;a |
|---|---|---|---|---|---|---|---|---|---|---|---|---|---|---|---|---|
| Dewey Decimal Classification | Biblioteca Barrio Emporio - Villavicencio | Biblioteca Barrio Emporio - Villavicencio | 12/04/2015 | A863 M657 | 38063 | 05/23/2017 | Ej. 1 | 12/04/2015 | LIbro | Sala General | Volumen. 1 | 11/jun/2009 | |||||
| Dewey Decimal Classification | Biblioteca Pública Germán Arciniegas - Villavicencio | Biblioteca Pública Germán Arciniegas - Villavicencio | 12/04/2015 | A863 M657 | 21287 | 12/04/2015 | Ej. 1 | 12/04/2015 | LIbro | Sala General Segundo Piso | Volumen. 1 | 11/jun/2009 | |||||
| Dewey Decimal Classification | Biblioteca Pública Mapiripan | Biblioteca Pública Mapiripan | Literatura | 05/12/2025 | N MON2 EJ1 | MAP00004279 | 05/12/2025 | Ej.1 | 05/12/2025 | LIbro | Colección General | |||||
| Dewey Decimal Classification | Biblioteca Pública Puerto Rico | Biblioteca Pública Puerto Rico | Literatura | 12/15/2022 | NMON2Ej.1 | PR000000L185 | 12/15/2022 | Ej.1 | 12/15/2022 | Libro Literatura | ||||||
| Dewey Decimal Classification | Biblioteca Pública Uribe - Reinerio Arenas | Biblioteca Pública Uribe - Reinerio Arenas | Literatura | 10/04/2024 | N MON2 | URI01687 | 10/04/2024 | Ej.1 | 10/04/2024 | Libro Literatura | Colección General |